Phytotoxicity of petroleum-contaminated soil and bioremediated soil on soil on soil on Allophylus edulis (Registro n. 329134)
[ somente texto ]
| 000 -LÍDER | |
|---|---|
| fixed length control field | 03525nab a2200325 i 4500 |
| 003 - CÓDIGO MARC DA AGÊNCIA CATALOGADORA | |
| Campo de controle | BR-BrBNA |
| 005 - DATA E HORA DA ÚLTIMA ATUALIZAÇÃO | |
| Campo de controle | 20241210095816.0 |
| 008 - CAMPO DE TAMANHO FIXO | |
| fixed length control field | 241210b2011 bl.qr|pooa||| 00| 0 eng | |
| 040 ## - FONTE DA CATALOGAÇÃO | |
| Agência catalogadora | BR-BrBNA |
| Idioma da catalogação | eng |
| 072 ## - CATEGORIA AGRIS | |
| Código AGRIS | F62 |
| 072 ## - CATEGORIA AGRIS | |
| Código AGRIS | T01 |
| 100 ## - ENTRADA PRINCIPAL - NOME PESSOAL | |
| Nome pessoal | Nogueira, Lucas |
| 100 ## - ENTRADA PRINCIPAL - NOME PESSOAL | |
| Nome pessoal | Inckot, Renata Charvet |
| 100 ## - ENTRADA PRINCIPAL - NOME PESSOAL | |
| Nome pessoal | Santos, Gedir de Oliveira |
| 100 ## - ENTRADA PRINCIPAL - NOME PESSOAL | |
| Nome pessoal | Souza, Luiz Antonio de |
| 100 ## - ENTRADA PRINCIPAL - NOME PESSOAL | |
| Nome pessoal | Bona, Cleusa |
| 245 ## - TÍTULO PRINCIPAL | |
| Título principal | Phytotoxicity of petroleum-contaminated soil and bioremediated soil on soil on soil on Allophylus edulis |
| 500 ## - NOTA GERAL | |
| Nota geral | Publicação on-line; 39 ref.; 3 tables; 2 illus.; Summaries (En, Pt) |
| 942 ## - ADDED ENTRY ELEMENTS (KOHA) | |
| Koha item type | Analítica |
| 520 ## - NOTA DE RESUMO | |
| Nota de conteúdo | <br/>Abstract<br/><br/>This study aimed to assess the effect of petroleum-contaminated and bioremediated soils on germination,<br/>growth and anatomical structure of Allophylus edulis. We tested oil-contaminated soil, bioremediated soil and<br/>non-contaminated soil. We evaluated germination percentage, germination speed index (GSI), biomass and<br/>length of roots and shoots, total biomass, root and hypocotyl diameter, thickness of eophylls and cotyledons,<br/>leaf area, eophyll stomatal index and seedling anatomy. Germination percentage, GSI, biomass and leaf area<br/>did not differ between treatments after 30 days. Root biomass and plant height were lower in the noncontaminated <br/>treatment. Root biomass and leaf area differed between treatments after 60 days. Thickness of<br/>cotyledons was higher in bioremediated soil than in other treatments. Root and eophyll structure showed little<br/>variation in contaminated soil. We conclude that A. edulis was not affected by petroleum in contaminated and<br/>bioremediated soils and that this species has potential for phytoremediation.<br/><br/>Key words: hydrocarbons, seedling, germination, biomass, anatomy |
| 520 ## - NOTA DE RESUMO | |
| Nota de conteúdo | <br/>Resumo<br/><br/>O objetivo do trabalho foi avaliar o efeito do solo contaminado por petróleo e biorremediado na germinação,<br/>crescimento e estrutura anatômica de Allophylus edulis. Foram testados: solo contaminado por petróleo, solo<br/>biorremediado e solo não contaminado. Foram avaliados: porcentagem e índice de velocidade de germinação<br/>(GSI), biomassa e comprimento radicular e aéreo, biomassa total, diâmetro radicular e do hipocótilo, espessura<br/>dos cotilédones e eofilos, área foliar, índice estomático dos eofilos e a estrutura anatômica da plântula. A<br/>porcentagem de germinação, GSI, biomassa aérea e área foliar não diferiram entre os tratamentos após 30<br/>dias. A biomassa radicular e o comprimento aéreo foram menores no tratamento sem contaminação. Após 60<br/>dias, a biomassa radicular e a área foliar foram diferentes entre os tratamentos. A espessura do cotilédone, em<br/>solo biorremediado, foi maior que nos demais tratamentos. A estrutura radicular e do eofilo apresentou<br/>poucas alterações em solo contaminado. Conclui-se que A. edulis não foi afetada pelo solo contaminado e<br/>biorremediado, apresentando potencial para fitorremediação.<br/><br/>Palavras-chave: hidrocarbonetos, plântula, germinação, biomassa, anatomia. |
| 650 ## - ASSUNTO - THESAGRO | |
| Cabeçalho tópico ou nome geográfico | HIDROCARBONETO |
| 650 ## - ASSUNTO - THESAGRO | |
| Cabeçalho tópico ou nome geográfico | PLÂNTULA |
| 650 ## - ASSUNTO - THESAGRO | |
| Cabeçalho tópico ou nome geográfico | GERMINAÇÃO |
| 650 ## - ASSUNTO - THESAGRO | |
| Cabeçalho tópico ou nome geográfico | BIOMASSA |
| 650 ## - ASSUNTO - THESAGRO | |
| Cabeçalho tópico ou nome geográfico | ANATOMIA |
| 773 0# - ENTRADA ANALÍTICA | |
| Host Biblionumber | 709 |
| Registro do item | 347204 |
| Imprenta | Rio de Janeiro-RJ Jardim Botanico do Rio de Janeiro 1935 |
| Outro identificador | 2024-8121 |
| Título | Rodriguésia (Brazil) |
| ISSN | 0370-6583; 2175-7860 on-line |
| Colação | v. 62(3) p. 459-466; (2011) |
| Número de controle de registro | BR2024003833 |
| 856 ## - ACESSO E ENDEREÇO ELETRÔNICO | |
| Identificador uniforme de recurso - URI | https://www.scielo.br/j/rod/a/8DgHgrNhs8CZ4p8wzbHTwxJ/?format=pdf&lang=en |
Nenhum exemplar disponível.

BINAGRI